| Tag |
First Indicator |
Second Indicator |
Subfields |
| LEADER |
00000cam a22000001i 4500 |
| 001 |
in00004133613 |
| 005 |
20200117091048.0 |
| 006 |
m d f |
| 007 |
cr bn mmmapmmp |
| 008 |
091109s1984 dcu o f000 0 eng d |
| 035 |
|
|
|a cis2007529687
|
| 040 |
|
|
|a UMI
|b eng
|e rda
|c UMI
|d UtOrBLW
|
| 110 |
1 |
|
|a United States.
|b Congress.
|b Senate.
|b Committee on Appropriations,
|e issuing body.
|0 http://id.loc.gov/authorities/names/n79056405
|
| 245 |
1 |
0 |
|a Markup on Energy and Water Development Appropriations for FY85.
|
| 264 |
|
1 |
|a [Washington :
|b U.S. G.P.O.],
|c 1984.
|
| 300 |
|
|
|a 67 pages, digital, PDF file.
|
| 336 |
|
|
|a text
|2 rdacontent
|b txt
|
| 337 |
|
|
|a computer
|b c
|2 rdamedia
|
| 338 |
|
|
|a online resource
|2 rdacarrier
|b cr
|
| 500 |
|
|
|a Record is based on bibliographic data in ProQuest Congressional Hearings Digital Collection (last viewed July 2018) Reuse except for individual research requires license from ProQuest, LLC.
|
| 520 |
|
|
|a Contains transcript of Subcom markup session on H.R. 5653, to make FY85 appropriations for energy and water resources development programs. Amended bill was favorably reported.
|
| 538 |
|
|
|a System requirements: PDF reader software.
|
| 500 |
|
|
|a Electronic resource.
|
| 650 |
|
0 |
|a Public works.
|0 http://id.loc.gov/authorities/subjects/sh85108858
|
| 650 |
|
0 |
|a Water resources development.
|0 http://id.loc.gov/authorities/subjects/sh85145612
|
| 650 |
|
0 |
|a Power resources.
|0 http://id.loc.gov/authorities/subjects/sh85105992
|
| 710 |
1 |
|
|a United States.
|b Congress.
|b Senate.
|b Committee on Appropriations.
|b Subcommittee on Energy and Water Development,
|e other agent associated with work.
|0 http://id.loc.gov/authorities/names/n79086166
|
| 730 |
0 |
|
|a ProQuest U.S. Congressional Hearings Digital Collection.
|
| 776 |
0 |
8 |
|a United States. Congress. Senate. Committee on Appropriations
|t Markup on Energy and Water Development Appropriations for FY85.
|o 98 SAp-T.34
|
| 856 |
4 |
0 |
|u http://proxy.library.tamu.edu/login?url=http://congressional.proquest.com/congcomp/getdoc?HEARING-ID=HRG-1984-SAP-0056
|y Electronic resource (PDF)
|t 0
|
| 999 |
f |
f |
|s dca617e6-cba6-38f5-ac2c-48ce78b8be9e
|i cb6f4ff9-a62f-3bd9-9a05-59961408c674
|t 0
|
| 952 |
f |
f |
|a Texas A&M University
|b College Station
|c Electronic Resources
|d Available Online
|t 0
|h No information provided
|
| 998 |
f |
f |
|t 0
|l Available Online
|